000 00192 a2200097 4500
001 19945
100 _aBrown, C
245 _aTransistor
260 _a
_bButter-Worth
_c
090 _c14554
_d14554
942 _aNUST-CAE
_cM
_c5063
999 _c255018
_d255018